000 00313nam a22001217a 4500
008 180604b xxu||||| |||| 00| 0 eng d
041 _aeng
080 _a043.3
100 _a0
101 _aMEK-BTH
245 _aMenaxhimi i procesit të prodhimit në fabrikën Xhella Kosova L.L.C
_cRamadani,G
942 _2udc
_cBK
999 _c46261
_d46261